| 000 | 00442nam a2200157Ia 4500 | ||
|---|---|---|---|
| 008 | 210210b1974 xxu||||| |||| 00| 0 eng d | ||
| 020 | _a0 8052 0458 X | ||
| 082 | _a306.4 BERC | ||
| 100 | _aBERNSTEIN (Basil). | ||
| 245 | _aClass, codes and control: theoretical studies towards a sociology of language. | ||
| 260 |
_aNew York. _bSchocken Books., _c1974 |
||
| 300 | _axiv,266 | ||
| 650 | _aLanguage | ||
| 690 | _aCulture | ||
| 906 | _a041122 | ||
| 999 |
_c91306 _d91306 |
||